Holanda - Jhayco - Estadísticas

Estadísticas generales
  • Esta prueba ha sido intentada 23 veces
  • La puntuación promedio es 368 de 478
Estadísticas de respuestas
Letra Respuesta % Correcto
a
100%
"Baby
100%
"baby
100%
baby
100%
D
100%
de
100%
digo
100%
E'
100%
e'
100%
el
100%
El
100%
en
100%
En
100%
Holanda
100%
la
100%
la'
100%
le
100%
le'
100%
Le
100%
100%
mi
100%
pa
100%
parece
100%
que
100%
Que
100%
que?
100%
y
100%
Y
100%
yo
100%
Blanquita
95%
cuatro
95%
ma'
95%
R
95%
se
95%
Se
95%
tu
95%
Tu
95%
va
95%
despue'
90%
ere'
90%
Es
90%
no
90%
No
90%
Pero
90%
pero
90%
pone
90%
si
90%
90%
Si
90%
banda
85%
cuello
85%
Estribillo Ella
85%
ella
85%
manda"
85%
manda
85%
quiere
85%
Quiere
85%
quiere'
85%
ello'
80%
lo
80%
lo'
80%
me
80%
mínimo
80%
Sabe'
80%
Sabe
80%
son
80%
te
80%
Te
80%
Verso Ah
75%
calle
75%
salgo
75%
agranda'
70%
agranda
70%
amiga
70%
cien
70%
da'
70%
dale
70%
ha
70%
ser
70%
ta'
70%
Tiene
70%
tiene
70%
un
70%
una
70%
ve'
70%
como
65%
con
65%
PR
65%
cojo
60%
cojone'
60%
disco
60%
estrello
60%
haciendo
60%
Los
60%
los
60%
nalga'
60%
soy
60%
su
60%
to'
60%
ahora
55%
bello
55%
cuando
55%
Desde
55%
dónde
55%
gusta
55%
ni
55%
anda?
50%
chavo'
50%
corta'
50%
culo
50%
echo
50%
Ese
50%
eso
50%
esta
50%
grande
50%
gustan
50%
hay
50%
mujere'
50%
Siempre
50%
toa'
50%
toy
50%
zona
50%
baje
45%
besa
45%
cierre
45%
Dice
45%
doble
45%
espacial
45%
facial
45%
llevé
45%
locker
45%
moja'
45%
nave
45%
puede
45%
Venezolana
45%
voy
45%
ama
40%
Verso Aquí
40%
'bestie'
40%
cuerpo
40%
demon
40%
entierre
40%
hater'
40%
jevo
40%
mama
40%
muerto
40%
nunca
40%
otra
40%
por
40%
veo
40%
verda
40%
Bebecita
35%
eh
35%
Pocket
35%
pocket'
35%
quemar
35%
quiero
35%
RBD
35%
rico
35%
también
35%
aparentar
30%
billete'
30%
diabla
30%
HD
30%
Inter
30%
interfiere
30%
juego
30%
llevo
30%
muere
30%
picheo
30%
Reservao
30%
reservé
30%
saliéndome
30%
¿Tu
30%
verla
30%
abrirte
25%
Aparentemente
25%
bucear
25%
comentar
25%
like
25%
llamo
25%
luce'
25%
motele'
25%
Polly
25%
¿Qué
25%
vo'a
25%
ande
20%
chiquita
20%
choker
20%
Estudia
20%
HP
20%
jodió
20%
LD
20%
mai
20%
MLB
20%
motherfucker
20%
Muchos
20%
Rocket
20%
Roque'
20%
jersey
15%
rojo
15%
obligao'e
10%
No se encontraron pruebas coincidentes
Distribución de puntuación
Porcentaje de gente con cada puntuación
Porcentaje por número respondido
Historial de tus puntuaciones
No has intentado esta prueba.